Tilastot visalle Meksikon kaupunkeja kartalla

Klikkaa tästä pelataksesi tätä visaa!

Yleistilastot

  • Tätä visaa on pelattu 192 kertaa
  • Keskiarvotulos 9 / 14

Vastaukset kartalla

Vastauksille on annettu kartalla punavihreä väri sen mukaan, kuinka moni on saanut sen oikein.
 

Vastaustilastot

Vastaus% Oikein
México
95%
Tijuana
74%
Chihuahua
71%
Cancun
70%
Acapulco
68%
Ciudad Juárez
67%
Guadalajara
63%
Cabo San Lucas
60%
Mérida
60%
Monterrey
60%
Oaxaca
60%
San Luis Potosí
50%
Tampico
47%
Guaymas
40%

Tulosjakauma

Persentiili vastausten määrän mukaan

Jokaisen tuloksen saaneiden osuus

Tuloshistoriasi

Et ole pelannut tätä visaa